000 00839nam a2200265Ia 4500
003 OSt
005 20221006160805.0
006 a|||||r|||| 00| 0
007 ta
008 221006b |||||||| |||| 00| 0 eng d
020 _a9780195166187
024 _a46,379
037 _cTextual
040 _aEASL
_cEASL
_beng
041 _2eng
_aeng
082 _aY15Oa P42, P4;1
100 _aOKAMOTO Shigeko Ed.
_9665332
245 0 _aJapanese language, gender, and ideology
_bCultural Models and real people
260 _aNew York
_bOxford University Press
_c2004
300 _a300p.
_ccm.
490 _v JEL
_aStudies in language and gender
700 _a SHIBAMOTO SMITH Janet S. Ed.
_9675077
942 _hY15Oa P42, P4;1
_cTEXL
_2CC
999 _c1114469
_d1114469